Dear Austin : (Record no. 33918)
[ view plain ]
| 000 -LEADER | |
|---|---|
| fixed length control field | 01545cam a2200385 a 4500 |
| 001 - CONTROL NUMBER | |
| control field | 1668812 |
| 003 - CONTROL NUMBER IDENTIFIER | |
| control field | OSt |
| 005 - DATE AND TIME OF LATEST TRANSACTION | |
| control field | 20140310184349.0 |
| 008 - FIXED-LENGTH DATA ELEMENTS--GENERAL INFORMATION | |
| fixed length control field | 980122s1998 nyu c 000 1 eng |
| 010 ## - LIBRARY OF CONGRESS CONTROL NUMBER | |
| LC control number | 98005314 |
| 020 ## - INTERNATIONAL STANDARD BOOK NUMBER | |
| International Standard Book Number | 0439158141 |
| 040 ## - CATALOGING SOURCE | |
| Original cataloging agency | DLC |
| Transcribing agency | DLC |
| Modifying agency | DLC |
| 042 ## - AUTHENTICATION CODE | |
| Authentication code | lcac |
| 050 00 - LIBRARY OF CONGRESS CALL NUMBER | |
| Classification number | PZ 7 |
| Item number | .W8606Db 1999 |
| 100 1# - MAIN ENTRY--PERSONAL NAME | |
| Personal name | Woodruff, Elvira. |
| 9 (RLIN) | 5590 |
| 245 10 - TITLE STATEMENT | |
| Title | Dear Austin : |
| Remainder of title | letters from the underground railroad / |
| Statement of responsibility, etc | Elvira Woodruff ; illustrated by Nancy Carpenter. |
| 260 ## - PUBLICATION, DISTRIBUTION, ETC. (IMPRINT) | |
| Place of publication, distribution, etc | New York : |
| Name of publisher, distributor, etc | Scholastic Inc., |
| Date of publication, distribution, etc | 1999 |
| 300 ## - PHYSICAL DESCRIPTION | |
| Extent | 137 p. : |
| Dimensions | 22 cm. |
| 520 ## - SUMMARY, ETC. | |
| Summary, etc | In 1853, in letters to his older brother, eleven-year-old Levi describes his adventures in the Pennsylvania countryside with his black friend Jupiter and his experiences with the Underground Railroad. |
| 521 ## - TARGET AUDIENCE NOTE | |
| Target audience note | |
| 526 ## - STUDY PROGRAM INFORMATION NOTE | |
| Reading level | 970 |
| 650 #0 - SUBJECT ADDED ENTRY--TOPICAL TERM | |
| Topical term or geographic name as entry element | Underground Railroad |
| Form subdivision | Juvenile fiction. |
| 9 (RLIN) | 24994 |
| 650 #1 - SUBJECT ADDED ENTRY--TOPICAL TERM | |
| Topical term or geographic name as entry element | Underground Railroad |
| Form subdivision | Fiction. |
| 9 (RLIN) | 24995 |
| 650 #1 - SUBJECT ADDED ENTRY--TOPICAL TERM | |
| Topical term or geographic name as entry element | Fugitive slaves |
| Form subdivision | Fiction. |
| 9 (RLIN) | 24996 |
| 650 #1 - SUBJECT ADDED ENTRY--TOPICAL TERM | |
| Topical term or geographic name as entry element | Slavery |
| Form subdivision | Fiction. |
| 9 (RLIN) | 24997 |
| 650 #1 - SUBJECT ADDED ENTRY--TOPICAL TERM | |
| Topical term or geographic name as entry element | African Americans |
| Form subdivision | Fiction. |
| 9 (RLIN) | 24998 |
| 650 #1 - SUBJECT ADDED ENTRY--TOPICAL TERM | |
| Topical term or geographic name as entry element | Country life |
| Geographic subdivision | Pennsylvania |
| Form subdivision | Fiction. |
| 9 (RLIN) | 24999 |
| 650 #1 - SUBJECT ADDED ENTRY--TOPICAL TERM | |
| Topical term or geographic name as entry element | Letters |
| Form subdivision | Fiction. |
| 9 (RLIN) | 25000 |
| 651 #1 - SUBJECT ADDED ENTRY--GEOGRAPHIC NAME | |
| Geographic name | Pennsylvania |
| Form subdivision | Fiction. |
| 9 (RLIN) | 25001 |
| 856 42 - ELECTRONIC LOCATION AND ACCESS | |
| Materials specified | Publisher description |
| Uniform Resource Identifier | <a href="http://www.loc.gov/catdir/description/random048/98005314.html">http://www.loc.gov/catdir/description/random048/98005314.html</a> |
| 906 ## - LOCAL DATA ELEMENT F, LDF (RLIN) | |
| a | 7 |
| b | cbc |
| c | orignew |
| d | 1 |
| e | ocip |
| f | 19 |
| g | y-gencatlg |
| 942 ## - ADDED ENTRY ELEMENTS (KOHA) | |
| Source of classification or shelving scheme | Library of Congress Classification |
| Koha item type | |
| Withdrawn status | Lost status | Source of classification or shelving scheme | Damaged status | Home library | Current library | Shelving location | Date acquired | Total Checkouts | Full call number | Barcode | Date last seen | Copy number | Price effective from | Koha item type |
|---|---|---|---|---|---|---|---|---|---|---|---|---|---|---|
| Library of Congress Classification | Luxembourg Library | Luxembourg Library | Scholastic Reading Center Section | 10/07/2013 | PZ 7 .W8606Db 1999 | LEX1098 | 04/18/2017 | 1 | 10/07/2013 | Books | ||||
| Library of Congress Classification | Luxembourg Library | Luxembourg Library | Scholastic Reading Center Section | 10/07/2013 | PZ 7 .W8606Db 1999 | LEX0835 | 04/18/2017 | 2 | 10/07/2013 | Books |